Österreich nach Buchstabe - A - Statistiken

Allgemein
  • Dieses Quiz wurde 99 mal gespielt
  • Das Durchschnittsergebnis liegt bei 10 aus 20
Antwortstatistiken
Hinweis Antwort % Korrekt
Tier auf dem Bundeswappen, sowie den Landeswappen von 5 Ländern (NÖ, OÖ, K, B, W) Adler
95%
Gebirgskette die den Großteil Österreichs ausmacht Alpen
95%
Kräuterlimonade Almdudler
88%
Top-Level-Domain .at
77%
Sänger der Wintersporthymne "Schifoahn" Ambros
63%
Entertainer, Schauspieler ("Im weißen Rössl") und Sänger ("Die kleine Kneipe") Alexander
56%
Größter komplett in Österreich gelegener See Attersee
56%
Gnadenhof in Henndorf am Wallersee: Gut __________ Aiderbichl
55%
Zweigeteilter Bezirk im westlichen Niederösterreich Amstetten
53%
Größter See Tirols, der auch als "Tiroler Meer" bezeichnet wird Achensee
51%
Erster frei empfangbarer österreichweiter Privatfernsehsender ATV
49%
Pass zwischen zwei Bundesländern mit dem längsten Straßentunnel Österreichs Arlberg
48%
Rekordspieler der Fußballnationalmannschaft Arnautović
48%
Berühmtes Kunstmuseum in der Wiener Innenstadt Albertina
47%
Hier gibt es die Salzwelten, den Loser und das Narzissenfest Altaussee
32%
Wiener Bezirk mit der Votivkirche und der Volksoper Alsergrund
31%
Tierpark in Innsbruck mit dem größten Kaltwasseraquarium der Welt Alpenzoo
29%
Kunstfestival im Museum der Zukunft in Linz Ars Electronica
28%
Schloss in Innsbruck Ambras
25%
Größtes Volkskulturfest Österreichs Aufsteirern
17%
Keine übereinstimmenden Quizze gefunden
Verteilung der Resultate
Anzahl Personen mit jedem Resultat
Perzentil nach korrekt beantworteten Fragen
Ihre Resultats-Entwicklung
Sie haben dieses Quiz noch nicht gespielt